Statistics for European Countries as Sorted Heterograms

Click here to take the quiz!

General Stats

  • This quiz has been taken 705 times
  • The average score is 38 of 45

Answer Stats

HeterogramCountry% Correct
ABELRSUBelarus
94%
BEGILMUBelgium
91%
ABDEGHINORSVZBosnia and Herzegovina
91%
KOSVKosovo
91%
BEGLMORUXLuxembourg
90%
ADFILNFinland
89%
AEGMNRYGermany
89%
AILTYItaly
89%
ALMTMalta
89%
ADLMOVMoldova
89%
ANORWYNorway
89%
ADLNOPPoland
89%
ABEIRSSerbia
89%
AINPSSpain
89%
CEGRGreece
88%
DENSWSweden
88%
ABGILRUBulgaria
87%
ACMNOMonaco
87%
ADEILNRSTWZSwitzerland
87%
ACEFNRFrance
86%
AGHNRUYHungary
86%
AILTVLatvia
86%
AGLOPRTUPortugal
86%
AIKLOSVSlovakia
85%
ADNORAndorra
84%
AIMNORRomania
84%
ADEKMNRDenmark
82%
AEILNOSVSlovenia
82%
ABILNAlbania
81%
AIRSURussia
81%
AEIKNRUUkraine
81%
ADEILNRIreland
80%
ACDEILNIceland
79%
AHILNTULithuania
79%
ACIORTCroatia
78%
AEINOSTEstonia
78%
ADEHLNRSTNetherlands
78%
ACDEHIMNORTNorth Macedonia
77%
ACINTVYVatican City
77%
CEHILNSTLiechtenstein
75%
EGMNORTMontenegro
75%
AIRSTUAustria
74%
DEGIKMNOTUUnited Kingdom
74%
BCEHILPRUZCzech Republic
73%
AIMNORSSan Marino
71%

Score Distribution

Percentile by Number Answered

Percent of People with Each Score

Your Score History

You have not taken this quiz